Fastest of All Animals - Statistics

General Stats
  • This quiz has been taken 18 times
  • The average score is 3 of 14
Answer Stats
# Answer Hint % Correct
5 Cheetah
100%
1 Peregrine Falcon The Pegerine Falcon cantravel as fast as which car
47%
9 Mako Shark
40%
7 Pronghorn Antelope
33%
6 Sailfish
20%
8 Springbok
20%
10 American Quarter Horse
13%
2 Spine-Tailed Swift An Adult Cheetah Weighs Upto
7%
320
0%
71.1Kg
0%
3 Magnificent Frigatebird Pronghorn Antelope has an Vision of How Much
0%
Mclaren F1
0%
Shortfin Mako/ Longfin Mako
0%
4 Spur-Winged Goose Name the two different species of Mako Shark
0%
No matching quizzes found
Score Distribution
Percent of People with Each Score
Percentile by Number Answered
Your Score History
You have not taken this quiz